Highest Consumption Cooking Oils - Statistics

General Stats
  • This quiz has been taken 164 times
  • The average score is 5 of 9
Answer Stats
Millions of tons Answer % Correct
2.9 Olive
98%
28 Rapeseed (Canola)
89%
3.3 Coconut
68%
15 Sunflower seed
68%
5.5 Peanut
67%
61 Palm
47%
7.0 Palm Kernel
47%
51 Soybean
41%
4.5 Cottonseed
11%
No matching quizzes found
Score Distribution
Percent of People with Each Score
Percentile by Number Answered
Your Score History
You have not taken this quiz